000 00630nam a2200181 i 4500
001 150831
003 ES-MaACL
005 20230906203723.0
007 t|
008 071114s1986 it ||||1| ita d
110 2 _aGalleria degli Uffizi.
_bGabinetto disegni e stampe.
_94463
245 1 0 _aInventario.
_pDisegni esposti /
_cGabinetto disegni e stampe degli Uffizi ; a cura di Annamaria Petrioli Tofani.
260 _aFirenze :
_bLeo S. Olschki,
_c1986.
300 _a2 v. :
_bil. ;
_c30 cm.
610 2 7 _aGalleria degli Uffizi-
_vCatálogos.
_94461
700 1 _aPetrioli Tofani, Anna Maria.
_991544
852 _aES-MaACL
_jP-1
999 _c150831
_d150831